00571nam a22001817a 450000500170000001000150001702000260003203500140005803700130007208200080008510000190009324500660011226000680017827000170024630000230026350000870028670000160037320230419103210.0 aENG-136721 a9789385640254c299.00 aEN-120253 bDBAD/PUB a572 aDayananda, K.S00aA Text Book Of Biochemistry :cBy K.S Dayananda And Rohit K.C aBangalorebArchers And Elevators International Publishing House bBangalore-90 a384p. :c24cm(pbk) aAs Per Visvesvaraya Technical University Syllabus (B.E., Biotecnology Engineering) aK.C, Rohit